El subdesarrollo social de España : (Record no. 181415)

MARC details
000 -LEADER
campo de control de longitud fija 00885nam a2200265 i 4500
001 - NÚMERO DE CONTROL
campo de control 181415
003 - IDENTIFICADOR DE NÚMERO DE CONTROL
campo de control ES-MaACL
005 - FECHA Y HORA DE LA ÚLTIMA TRANSACCIÓN
campo de control 20231010141513.0
008 - DATOS DE LONGITUD FIJA--INFORMACIÓN GENERAL
campo de control de longitud fija 130114s2009 sp | |||||||| | spa d
080 ## - NÚMERO DE LA CLASIFICACIÓN DECIMAL UNIVERSAL
Número de la Clasificación Decimal Universal 351.83/.84(100)
080 ## - NÚMERO DE LA CLASIFICACIÓN DECIMAL UNIVERSAL
Número de la Clasificación Decimal Universal 316.344(460)
080 ## - NÚMERO DE LA CLASIFICACIÓN DECIMAL UNIVERSAL
Número de la Clasificación Decimal Universal 351.83/.84(460)
100 1# - ENTRADA PRINCIPAL--NOMBRE DE PERSONA
Nombre de persona Navarro, Vicenç.
9 (RLIN) 85087
245 13 - MENCIÓN DEL TÍTULO
Título El subdesarrollo social de España :
Resto del título causas y consecuencias /
Mención de responsabilidad, etc. Vicenç Navarro.
260 ## - PUBLICACIÓN, DISTRIBUCIÓN, ETC.
Lugar de publicación, distribución, etc. [Madrid] :
Nombre del editor, distribuidor, etc. Diario Público,
Fecha de publicación, distribución, etc. [2009]
300 ## - DESCRIPCIÓN FÍSICA
Extensión 364 p. ;
Dimensiones 18 cm.
490 1# - MENCIÓN DE SERIE
Mención de serie Biblioteca pensamiento crítico
650 #4 - PUNTO DE ACCESO ADICIONAL DE MATERIA--TÉRMINO DE MATERIA
Término de materia o nombre geográfico como elemento de entrada Desigualdad social-
Subdivisión geográfica España.
9 (RLIN) 11834
650 00 - PUNTO DE ACCESO ADICIONAL DE MATERIA--TÉRMINO DE MATERIA
Término de materia o nombre geográfico como elemento de entrada Política social.
9 (RLIN) 16308
651 #4 - PUNTO DE ACCESO ADICIONAL DE MATERIA--NOMBRE GEOGRÁFICO
Nombre geográfico España-
Subdivisión general Política social.
9 (RLIN) 8441
830 1# - PUNTO DE ACCESO ADICIONAL DE SERIE-TÍTULO UNIFORME
Título uniforme Biblioteca pensamiento crítico
9 (RLIN) 189844
852 ## - LOCALIZACIÓN
Ubicación ES-MaACL
Número de control de estantería A-12441
itemnumber 188315
Sublocalización o colección R.145920
Ubicación en estantería Depósito 1
Signatura antigua Olim: N-5446
942 ## - ELEMENTOS DE ENTRADA SECUNDARIOS (KOHA)
Fuente del sistema de clasificación o colocación Clasificación decimal universal
Tipo de ítem Koha Libro impreso
Holdings
Estatus retirado Estado de pérdida Fuente del sistema de clasificación o colocación Estado de daño No para préstamo Biblioteca de origen Biblioteca actual Ubicación en estantería Fecha de adquisición Fuente de adquisición Total de préstamos Signatura topográfica completa Código de barras Visto por última vez Precio de reemplazo Tipo de ítem Koha
    Clasificación decimal universal     Biblioteca del Ateneo de Madrid Biblioteca del Ateneo de Madrid Depósito 1 14/01/2013 Donación   A-12441 1190656 23/02/2023 23/02/2023 Libro impreso